000 00471cam a2200181 4500
001 D8212
008 090401t1977 xxu||||| |||| 00| 0 eng d
035 _a(Sirsi) u11797
041 _aeng
050 _a720.92
100 _aRichards, James M (ed)
245 _aWho`s who in architecture from 1400 to the present day
260 _aLondon
_bWeidenfeld and Nicholson
_c1977
300 _a368p. ill. plates. 26cm
350 _a8.75
942 _n0
948 _c04/03/1997
999 _c86916
_d86916